000 00662nam a2200229 i 4500
001 bgj
100 1 _aFOSTER, Thomas C.
245 1 0 _aForm and society in modern literature /
_cThomas C. Foster.
260 _aDeKalb, Il. :
_bNorthern Illinois University Press,
_c1988.
300 _aXI, 203 pp ;
_c23 cm.
504 _aBibliography p. [187]-197.
505 _aIncludes index.
650 9 _aLiterature, Modern
_xHistory and criticism
650 9 _aLiterary form
650 9 _aLiterature and society
020 _a087580134X
040 _cBPK
041 0 _aeng
920 _a0-87580-134-X
942 _cKS
008 s uk f |000 0 eng
999 _c47702
_d47702
856 _uhttp://koha.tu.koszalin.pl/cgi-bin/koha/opac-detail.pl?biblionumber=47702
_yKatalog online BPK